000 00547nam a2200181 a 4500
001 4133
005 20140414131935.0
008 090217s19uu xx 00 eng d
020 _a0-59084-631-1
050 _aREF 796.35
_bL51 2004
100 _aLee, Veronica
245 _aField hockey :
_bSports injuries : how to prevent, diasnose, & treat /
_cVeronica Lee.
260 _aLondon :
_bMason Crest,
_cc2004.
300 _a64 p. : col., ill. ; cm.
500 _aIncludes index
650 _aField hockey
_xJuvenile literature.
999 _c112417
_d112417